Statistics for Call of Duty Modern Warfare 3 Perks Quiz

Click here to take the quiz!

General Stats

  • This quiz has been taken 389 times
  • The average score is 11 of 15

Answer Stats

HintAnswer% Correct
Replenish ammo from packs dropped by enemiesScavenger
92%
Reduces amount of kills needed for killstreak by oneHardline
84%
Enables 2 primary weaponsOverkill
84%
Faster ReloadSleight of Hand
83%
Faster ADSQuickdraw
80%
Increases hip-fire accuracySteady Aim
76%
Immune to enemy air supportBlind Eye
73%
Faster movement while ADSStalker
73%
Detect enemy equipmentSitrep
72%
Silent footsteps; reduces Recon effectDead Silence
71%
Shows enemy names at a greater distanceMarksman
71%
Undetectable by enemy radarAssassin
69%
Shows enemy on radarRecon
69%
Greatly reduces explosive damage takenBlast Shield
66%
Sprint for longerExtreme Conditioning
64%

Score Distribution

Percentile by Number Answered

Percent of People with Each Score

Your Score History

You have not taken this quiz